000 00341 a2200133 4500
999 _c325811
_d325811
001 90738
003 NUST
082 _a500 BAR
100 _aJ.Darrell Barnard
_99892
245 _aScience for Tomorrow's World
_cJ.Darrell Barnard
_hEnglish
250 _a1st Ed
260 _aNew York
_bThe Macmillan Company
_c1966
300 _a245
942 _aCAE NUST
_cBK
_k500 BAR
_2ddc